000 00384cam a2200157ua 4500
041 _aeng
_h
082 _a372.6521
_bGOR/TE
100 _aGordon, D S .
245 _aTeaching of English in India /
_cD S Gordon.
_hTextual Documents
250 _a1 /
_b.
260 _aChennai :
_bS.Viswanathan ,
_c1943.
300 _a125 ; .
504 _a
942 _cBK
999 _c12134
_d12134